The Town and Country Planning (General Permitted Development) (England) (Amendment) (No. 2) Order 2005 (Record no. 104785)

MARC details
000 -LEADER
fixed length control field 01238cam a2200229 4500
001 - CONTROL NUMBER
control field ##L131574
008 - FIXED-LENGTH DATA ELEMENTS--GENERAL INFORMATION
fixed length control field 051116n2005 000 0 eng u
020 ## - INTERNATIONAL STANDARD BOOK NUMBER
International Standard Book Number 01107352234
035 ## - SYSTEM CONTROL NUMBER
System control number (Sirsi) u131574
041 0# - LANGUAGE CODE
Language code of text/sound track or separate title eng
050 04 - LIBRARY OF CONGRESS CALL NUMBER
Classification number 711.1 $2 18
245 04 - TITLE STATEMENT
Title The Town and Country Planning (General Permitted Development) (England) (Amendment) (No. 2) Order 2005
260 ## - PUBLICATION, DISTRIBUTION, ETC.
Place of publication, distribution, etc. London
Name of publisher, distributor, etc. TSO
Date of publication, distribution, etc. 2005
490 #0 - SERIES STATEMENT
Series statement SI
Volume/sequential designation 2005: 2935
520 ## - SUMMARY, ETC.
Summary, etc. Revises the Town and Country (General Permitted Development) Order 1995 with effect from 25 November 2005 in respect of the installation and siting of antennas including satellite dishes. The amended regulations take account of the expanding variety of antenna technology now available so that all types of microwave technology will be subject to the same permitted development regulations.
590 ## - LOCAL NOTE (RLIN)
Local note IKA221105
650 24 - SUBJECT ADDED ENTRY--TOPICAL TERM
Topical term or geographic name entry element TOWN AND COUNTRY PLANNING (GENERAL PERMITTED DEVELOPMENT) (ENGLAND) (AMENDMENT) (NO 2) ORDER 2005
650 ## - SUBJECT ADDED ENTRY--TOPICAL TERM
Topical term or geographic name entry element TOWN AND COUNTRY PLANNING (GENERAL PERMITTED DEVELOPMENT) ORDER 1995
690 ## - LOCAL SUBJECT ADDED ENTRY--TOPICAL TERM (OCLC, RLIN)
Topical term or geographic name as entry element Planning and development
9 (RLIN) 6259
856 40 - ELECTRONIC LOCATION AND ACCESS
Uniform Resource Identifier <a href="https://www.opsi.gov.uk/si/si2005/20052935.htm">https://www.opsi.gov.uk/si/si2005/20052935.htm</a>
Public note View the Order free of charge at www.opsi.gov.uk...
942 ## - ADDED ENTRY ELEMENTS (KOHA)
Suppress in OPAC 0
Holdings
Withdrawn status Lost status Source of classification or shelving scheme Damaged status Not for loan Home library Current library Shelving location Date acquired Total Checkouts Full call number Barcode Date last seen Copy number Price effective from Koha item type
    Dewey Decimal Classification     Virtual Virtual Online 16/11/2005   ONLINE PUBLICATION 131574-2001 06/08/2019 1 06/08/2019 Book